Statistics for U.S. Presidents by Picture Quiz

Click here to take the quiz!

General Stats

  • This quiz has been taken 172,921 times
    (79,954 since last reset)
  • The average score is 24 of 44

Answer Stats

Answer % Correct
Barack Obama
98%
John F. Kennedy
98%
Abraham Lincoln
97%
Donald Trump
96%
George W. Bush
95%
Bill Clinton
94%
George Washington
91%
Richard Nixon
85%
George H.W. Bush
85%
Ronald Reagan
83%
Jimmy Carter
79%
Franklin D. Roosevelt
74%
Dwight D. Eisenhower
72%
Lyndon B. Johnson
72%
Theodore Roosevelt
72%
Thomas Jefferson
70%
Gerald R. Ford
67%
Andrew Jackson
65%
John Adams
63%
Harry Truman
62%
Woodrow Wilson
61%
Ulysses S. Grant
60%
William Taft
46%
James Madison
41%
Martin Van Buren
35%
John Quincy Adams
35%
Herbert Hoover
34%
Calvin Coolidge
32%
Grover Cleveland
30%
William McKinley
29%
James K. Polk
28%
Andrew Johnson
27%
Chester A. Arthur
27%
Warren Harding
26%
James Monroe
26%
Franklin Pierce
25%
Rutherford B. Hayes
25%
James Buchanan
24%
William Henry Harrison
23%
Benjamin Harrison
23%
Zachary Taylor
22%
James Garfield
22%
John Tyler
22%
Millard Fillmore
20%

Score Distribution

Percentile by Number Answered

Percent of People with Each Score

Your Score History

You have not taken this quiz since the last reset